Sports Quiz

Random Sports or Basketball Quiz

Boston Celtics All-Time Leaders Quiz Stats

 Plays Quiz Updated May 17, 2018

Challenge
Share
Tweet
Embed
Score 0/50 Timer 06:00
20 Plays Today
Category Player % Correct
PointsLarry Bird
98.9%
ReboundsLarry Bird
98.9%
BlocksLarry Bird
98.9%
AssistsLarry Bird
98.6%
StealsLarry Bird
98.4%
PointsPaul Pierce
94.3%
StealsPaul Pierce
94.3%
ReboundsPaul Pierce
94.3%
BlocksPaul Pierce
94%
ReboundsBill Russell
92.8%
PointsBill Russell
92.8%
AssistsBill Russell
92.7%
AssistsPaul Pierce
89.9%
BlocksKevin Garnett
87.9%
BlocksKevin McHale
87%
ReboundsKevin McHale
87%
PointsKevin McHale
86.6%
AssistsRajon Rondo
84.8%
BlocksRobert Parish
82.4%
ReboundsRobert Parish
82.3%
PointsRobert Parish
82.2%
StealsRobert Parish
82%
StealsRajon Rondo
80.9%
PointsJohn Havlicek
79.8%
ReboundsJohn Havlicek
79.8%
Category Player % Correct
AssistsJohn Havlicek
79.8%
AssistsBob Cousy
78.9%
PointsBob Cousy
78.9%
PointsSam Jones
67.1%
AssistsK.C. Jones
66.8%
AssistsDennis Johnson
63.1%
StealsDennis Johnson
63.1%
StealsDanny Ainge
51%
ReboundsAntoine Walker
50.1%
StealsAntoine Walker
50.1%
PointsDave Cowens
49.9%
AssistsDave Cowens
49.9%
ReboundsDave Cowens
49.8%
BlocksDave Cowens
49.7%
StealsDave Cowens
46.5%
ReboundsTom Heinsohn
42.5%
PointsJo Jo White
42.1%
AssistsJo Jo White
42.1%
BlocksKendrick Perkins
41.4%
StealsReggie Lewis
36%
BlocksReggie Lewis
32.5%
BlocksCedric Maxwell
30.6%
StealsDee Brown
21%
ReboundsTom Sanders
19.8%
BlocksTony Battie
8.3%

You're not logged in!

Compare scores with friends on all Sporcle quizzes.
Join for Free
OR
Log In

You Might Also Like...

Show Comments

Extras

Top Quizzes Today


Score Distribution

Your Account Isn't Verified!

In order to create a playlist on Sporcle, you need to verify the email address you used during registration. Go to your Sporcle Settings to finish the process.

Report this User

Report this user for behavior that violates our Community Guidelines.

Details: